[Event "Olympiad Women-43"]
[Site "Batumi"]
[Date "2018.10.04"]
[Round "10.2"]
[White "Aishath Alya, Mohamed Shareef"]
[Black "Jefo, Suzete Vicente"]
[Result "0-1"]
[WhiteElo "1070"]
[BlackElo "1379"]
[PlyCount "68"]
[EventDate "2018.09.24"]
[EventType "team-swiss"]
[EventRounds "11"]
[EventCountry "GEO"]
[SourceTitle "EXT 2020"]
[Source "ChessBase"]
[SourceDate "2019.10.17"]
[SourceVersion "1"]
[SourceVersionDate "2019.10.17"]
[SourceQuality "1"]
[WhiteTeam "Maldives (W)"]
[BlackTeam "Mozambique (W)"]
[WhiteTeamCountry "MDV"]
[BlackTeamCountry "MOZ"]

1. d4 d5 2. c4 Nf6 3. cxd5 Qxd5 4. Nc3 Qa5 5. Qd2 e6 6. e4 Bb4 7. Bd3 Nc6 8. Nf3 0-0 9. a3 Bxc3 10. bxc3 b6 11. 0-0 Ba6 12. Re1 Rfe8 13. e5 Nd7 14. Be4 Bb7 15. Bb2 Nd8 16. Qe2 c5 17. Bxh7+ Kxh7 18. Ng5+ Kg8 19. Qh5 Nf8 20. Re3 cxd4 21. Rh3 Ng6 22. cxd4 Qd5 23. f3 Kf8 24. Rg3 Ke7 25. Nxf7 Nxf7 26. Qxg6 Rg8 27. Rg4 Rac8 28. Bc1 a5 29. a4 Ba8 30. Ba3+ Ke8 31. Bd6 Qb3 32. Rf4 Qe3+ 33. Kh1 Rc1+ 34. Rxc1 Qxc1# 0-1